000 00530nam a22001577a 4500
005 20090225122242.0
008 090225c xxu||||| |||| 00| 0 eng d
022 _a0971-4529
245 _aFisheries chimes
260 _aVisakhapatnam
_bFishing chimes
_c2009-
300 _av.
_c26 cm
310 _amonthly
270 _aSec-12, Plot No. 176, MVP Colony,
_bVisakhapatnam
_e530017
_l27844271
_minfo@fishingchimes.com
942 _2ddc
_cSR
_s1
999 _c24306
_d24306